00794nam a22002057a 4500952016000000999001700160003000900177005001700186008004100203020001500244040002300259082001300282100002600295245009200321260005300413300003200466500002100498650005700519942001200576 00102ddc40718NFICaASLbASLcHCd2020-10-12eDonated by Prof. John B. HarrisonhV-2l0o954 GONp101705r2020-10-12 00:00:00tC-1w2020-10-12yBKzRARE c18513d18513BDDh-ASL20231015025718.0201012s1993 i ||||| |||| 00| 0 eng d a8185618313 aBDDh-ASLcBDDh-ASL a954bGON1 91350aGordon, Stewart14aThe New Cambridge History of India, V-2 :bThe Marathas 1600-1818/cby Stewart Gordon.  aNew Delhi:bCambridge University Press, c1993.  av-2, xii, 202 p. :c23 cm.  aIncludes index.  09960aIndian HistoryxPolitics and Government zIndia 2ddccBK